000 01458namaa22003251i 4500
005 20260328102109.0
008 260127s1995 ua a|||frm||| 000 0 eng d
040 _aEG-GICUC
_beng
_cEG-GICUC
_dEG-GICUC
_erda
041 0 _aeng
_beng
_bara
049 _aDeposit
097 _aPh.D
099 _aCai01.10.17.Ph.D.1995.Ka.I.
100 0 _aKawther Youssef Awad Alla,
_epreparation.
245 1 0 _aImprovement And Production Of A Highly Purified Rift Valley Fever Vaccine /
_cBy Kawther Youssef Awad Alla; Supervised Prof. Dr. Ahmed Yasin Abd-EL-Fatah, Prof.Dr. Mohamed Sami Saber, Prof.Dr. Mohamed Abd EL-Hamid Shalaby.
246 1 5 _aتطوير وانتاج لقاح فيروس عالى النقاوة ضد فيروس الرفت فالي
264 0 _c1995.
300 _a198 Leaves :
_billustrations ;
_c30 cm. +
336 _2rda content
_atext
337 _2rdamedia
_aUnmediated
338 _2rdacarrier
_avolume
502 _aThesis (Ph.D)-Cairo University, 1995.
504 _aBibliography: pages 179-198.
653 0 _aVirology
700 0 _aAhmed Yasin Abd-EL-Fatah
_ethesis advisor.
700 0 _aMohamed Sami Saber
_ethesis advisor.
700 0 _aMohamed Abd EL-Hamid Shalaby
_ethesis advisor.
900 _DDepartment of Virology
_FFaculty of Veterinary Medicine
_UCairo University
_b1995
_cAhmed Yasin Abd-EL-Fata
_cMohamed Sami Saber
_cMohamed Abd EL-Hamid Shalaby
905 _aEman El gebaly
_eNourhan
942 _2ddc
_cTH
_e21
_n0
999 _c178060